000
00316nam a22001457a 4500
003
SGT
082
_a
611
_b
M18H
100
_a
HEYLINGS, DAVID
245
_a
MC MINN'S CONCISE HUMAN ANATOMY
250
_a
2ND
260
_a
NEW YORK
_b
CRC PRESS
_c
2018
300
_a
272
650
_a
ANATOMY
942
_2
ddc
_c
BK
_0
8
999
_c
15098
_d
15098